Cine : (Record no. 17439)
[ view plain ]
| 000 -LEADER | |
|---|---|
| fixed length control field | 01037nam a2200229 a 4500 |
| 003 - CONTROL NUMBER IDENTIFIER | |
| control field | PILC |
| 005 - DATE AND TIME OF LATEST TRANSACTION | |
| control field | 20240126155257.0 |
| 008 - FIXED-LENGTH DATA ELEMENTS--GENERAL INFORMATION | |
| fixed length control field | 100506s2003 xx 00 eng d |
| 010 ## - LIBRARY OF CONGRESS CONTROL NUMBER | |
| LC control number | Acc#38446 |
| 020 ## - INTERNATIONAL STANDARD BOOK NUMBER | |
| International Standard Book Number | 9789712719035 |
| 040 ## - CATALOGING SOURCE | |
| Transcribing agency | Philippine Baptist Theological Seminary |
| 050 ## - LIBRARY OF CONGRESS CALL NUMBER | |
| Classification number | Fil PN1993 |
| Item number | D44 2003 |
| 100 10 - MAIN ENTRY--PERSONAL NAME | |
| Personal name | Deocampo, Nick |
| 245 10 - TITLE STATEMENT | |
| Title | Cine : |
| Remainder of title | Spanish influences on early cinema in the Philippines / |
| Statement of responsibility, etc. | Nick Deocampo. |
| 260 0# - PUBLICATION, DISTRIBUTION, ETC (IMPRINT) | |
| Place of publication, distribution, etc. | Manila : |
| Name of publisher, distributor, etc. | Anvil Publishing Inc, |
| Date of publication, distribution, etc. | c2003. |
| 300 ## - PHYSICAL DESCRIPTION | |
| Extent | xxiv; 394 p. ; 23 cm. |
| 440 #0 - SERIES STATEMENT/ADDED ENTRY--TITLE | |
| Title | Reflections on one hundred years of cinema in the Philippines |
| 505 ## - FORMATTED CONTENTS NOTE | |
| Formatted contents note | Introduction: The forgotten history of a popular culture -- Chapter one: Cinema and Language -- Chapter two: Cinema and revolution -- Chapter three: Cinema and culture -- Chapter four: Cinema comes into its own -- Chapter five: Spanish influences on Tagalog cinema |
| 650 ## - SUBJECT ADDED ENTRY--TOPICAL TERM | |
| Topical term or geographic name as entry element | MOTION PICTURES |
| General subdivision | PHILIPPINES |
| -- | HISTORY AND CRITICISM |
| 650 ## - SUBJECT ADDED ENTRY--TOPICAL TERM | |
| Topical term or geographic name as entry element | MOTION PICTURE INDUSTRY |
| General subdivision | PHILIPPINES |
| -- | HISTORY |
| 942 ## - ADDED ENTRY ELEMENTS (KOHA) | |
| Koha item type | Circulation Books |
| Source of classification or shelving scheme | Library of Congress Classification |
| Withdrawn status | Lost status | Source of classification or shelving scheme | Damaged status | Not for loan | Home library | Current library | Shelving location | Date acquired | Total Checkouts | Full call number | Barcode | Date last seen | Price effective from | Koha item type |
|---|---|---|---|---|---|---|---|---|---|---|---|---|---|---|
| Dewey Decimal Classification | PBTS Library | PBTS Library | Filipiniana Section | 05/06/2010 | Fil PN1993 D44 2003 | 38446 | 02/04/2026 | 04/02/2015 | Circulation Books |